Statistiche per Quiz sulle Comore

Clicka qui per fare il quiz!

Statistiche generali

  • Questo quiz è stato fatto 223 volte
  • Il punteggio medio è 11 su 17

Statistiche sulle risposte

HintRisposta% Corretto
Francese
96%
Oceano in cui l'arcipelago è situatoOceano {Indiano}
96%
Paese continentale più vicinoMozambico
92%
Religione di statoIslam
91%
Lingue ufficialiArabo
84%
CapitaleMoroni
83%
La più grande e popolosa isola delle ComoreGrande {Comore}
75%
Isola vicina che ha votato nel 1974 per rimanere parte della Francia, piuttosto che unirsi alle ComoreMayotte
72%
Primo esploratore europeo a visitare le Comore, nel 1503Vasco da Gama
70%
Oggetto raffigurato sulla bandiera insieme a 4 stelleMezzaluna
59%
A livello politico le Comore ne hanno subito ben 5 dal 1975Golpe
58%
Molte coppie si indebitano per fare questa cosa che può costare diversi anni di stipendioMatrimonio
51%
Comoriano
49%
Nomina una delle altre due isole nel paeseAnjouan | Mohéli
41%
Rappresentano il 40% delle esportazioni del PaeseSpezie
35%
Vulcano che dal 1900 è eruttato più di 20 volteK{arthala}
33%
Barche tradizionali comorianeD{jahazi}
30%

Distribuzione punteggi

Percentile per numero di risposta

Percentuale di utenti per punteggio

I tuoi punteggi nel tempo

Non hai fatto questo quiz